มุมมองปกติ
มุมมองแบบ MARC
- ธีสุทธิ์ พันธ์ฤทธิ์
รายการ Personal Name
001 - CONTROL NUMBER
- control field: 15695
003 - CONTROL NUMBER IDENTIFIER
- control field: NALT
005 - DATE AND TIME OF LATEST TRANSACTION
- control field: 20230518111943.0
008 - FIXED-LENGTH DATA ELEMENTS
- fixed length control field: 170907|| aca||aabn | a|a d
040 ## - CATALOGING SOURCE
- Original cataloging agency: NALT
100 0# - HEADING--PERSONAL NAME
- Personal name: ธีสุทธิ์ พันธ์ฤทธิ์
